| 000 | 00768 a2200241 4500 | ||
|---|---|---|---|
| 001 | 200129801 | ||
| 999 |
_c200129801 _d31241 |
||
| 003 | TR-AnTOB | ||
| 005 | 20200924085416.0 | ||
| 008 | 130612s2004 tu 000 0 | ||
| 020 | _a9758792164 | ||
| 040 | _aTR-AnTOB | ||
| 041 | _aeng | ||
| 050 | 0 | 0 |
_aPE1114 _b.P37 2004 |
| 090 | _aPE1114 .P37 2004 | ||
| 245 | 0 | 0 |
_aParalel test ÜDS (sağlık bilimleri) _b: Tamamı çözümlü çıkmış sorular/ editör:Gürsel Avcı. |
| 264 | 1 |
_aAnkara: _bPegem, _c2004 |
|
| 300 |
_aXII, 584 s. _btab.; _c24 cm. |
||
| 650 | 7 |
_aİngiliz dili _vSınavlar, sorular, vb. _2etuturkob _934123 |
|
| 650 | 0 |
_aEnglish language _vExaminations, questions, etc. _xExaminations, questions, etc. _923303 |
|
| 700 |
_aAvcı, Gürsel _990749 |
||
| 999 | _tT.o 12.06.2013 | ||
| 942 | _cBK | ||